000 00489nam a22001937i 4500
001 5868
003 OSt
005 20170126082350.0
007 tu
008 161220s1993 xxu||||| |||| 00| 0 d
022 _a0070-8712
024 7 _a5868
_2RID
024 7 _a5868
_2RSN (alt)
040 _cOSt
245 0 0 _aEconomic Survey of Europe in 1992-1993
260 _aNew York :
_bUnited Nations Publications,
_c1993.
490 _aEconomic Survey of Europe
_v1
110 2 _aEconomic Commission for Europe
942 _cB
999 _c5584
_d5584